| 000 | 01034nam a2200301 i 4500 | ||
|---|---|---|---|
| 003 | EG-GICUC | ||
| 005 | 20260211221140.0 | ||
| 008 | 260211s1990 ua ||||fr|||| 00| 0 ara d | ||
| 017 | _a1989/4640 | ||
| 040 |
_a EG-GICUC _bara _c EG-GICUC _d EG-GICUC _erda |
||
| 041 | 0 | _aara | |
| 082 | 0 | 4 |
_a343 _bع ص . د _221 |
| 092 | 0 | 4 | _221 |
| 099 | _aLaw1 10 343 ع ص . د 1 ed - 1990 | ||
| 100 | 0 |
_aعصام أحمد محمد _eمؤلف. |
|
| 245 | 1 | 0 |
_aدائرة المعارف الجنائية. _bالجزء الأول/ _cعصام أحمد محمد. |
| 250 | _aالطبعة الأولي، | ||
| 264 | 1 |
_aالقاهرة : _bدار الطباعة الحديثة، _c1990. |
|
| 300 |
_a959 ؛ صفحة _c24 سم. |
||
| 336 |
_2rda content _atext |
||
| 337 |
_2rda media _aComputer |
||
| 338 |
_2rda carrier _aOnline Resource |
||
| 546 | _aالنص باللغة العربية | ||
| 650 | 1 | 4 | _aالقانون الجنائي |
| 856 | 4 | 0 | _uhttps://fll.law.cu.edu.eg/fulltext/bks/B10-08747.pdf |
| 905 | _a77 | ||
| 942 |
_2ddc _cBK _e21 _n0 |
||
| 999 |
_c62723 _d62723 |
||